00918nam a2200193 a 450000100100000000500170001000800410002704000250006810000300009324501120012326000450023530000270028070000360030770000330034395201190037695201040049595201100059999900150070900000206020200929145822.0090630s2002 dr a 000 0 spa d aDO-SdBNPbspacBNPHU1 aAlcántara, Anibal9663310aEnglish for me four me 4 /cAnibal Alcántara ; editor Jennifer Wilner ; ilustración Héctor J. Matias. aSanto Domingo :bAmigo del Hogar,c2002. a92 p. :bil. ;c28 cm.12aMatias, Héctor J.,eil.9663412aWilner, Jennifer,eed.96635 001054708DSaGRbGRcHDd2009-06-30iLF1l0o p2060-30r2020-06-25te. 3w2020-06-25yLFDSZPréstamo en sala 0010718PDaPDbPDcHDd2009-06-30iLF1l0o p2060-10r2020-06-25w2020-06-25yLFPDZNo se presta 0010718PDaPDbPDcHDd2009-06-30iLF1l0o p2060-20r2020-06-25te. 2w2020-06-25yLFPDZNo se presta c1924d1924